| 000 | 00380cam a22001217a 4500 | ||
|---|---|---|---|
| 008 | 180718b1965 xxu||||| |||| 00| 0 eng d | ||
| 082 | _aX256x42 W585 | ||
| 100 | _aWhite, R.B. | ||
| 245 |
_aPrefabrication : a history of its development in Great Britain _cby R.B. White |
||
| 260 |
_aLondon _bHer Majesty's _c1965 |
||
| 300 | _axii,354p | ||
| 650 | _aBuildings, Prefabricated --History | ||
| 999 |
_c413248 _d413248 |
||